000 00717nam a2200229 i 4500
001 115215
003 ES-MaACL
005 20250707062619.0
007 t|
008 070226s1907 sp ||||1| spa d
080 _a821.134.2-32"18"
100 1 _aDelgado, Sinesio,
_d1859-1928
_943434
245 1 3 _aEl fin de una leyenda
_b: novela /
_cpor Sinesio Delgado ; ilustraciones de Juan Francés.
260 _aMadrid :
_bEl Cuento Semanal,
_c1907.
300 _a20 p. :
_bil. ;
_c26 cm.
490 1 _aEL cuento semanal ;
_v21
500 _aSin cubierta.
700 1 _aFrancés, Juan
_c, ilustrador.
_952142
830 0 3 _aEl cuento semanal
_v21
_9185957
852 _aES-MaACL
_jG-4439(21)
999 _c115215
_d115215